La désinformation : Les armes du faux (notice n° 1566228)

détails MARC
000 -LEADER
fixed length control field 01182cam a2200133 4500500
005 - DATE AND TIME OF LATEST TRANSACTION
control field 20251214001512.0
041 ## - LANGUAGE CODE
Language code of text/sound track or separate title fre
042 ## - AUTHENTICATION CODE
Authentication code dc
100 10 - MAIN ENTRY--PERSONAL NAME
Personal name Huyghe, François-Bernard
Relator term author
245 00 - TITLE STATEMENT
Title La désinformation : Les armes du faux
260 ## - PUBLICATION, DISTRIBUTION, ETC.
Name of publisher, distributor, etc. Armand Colin,<br/>
Date of publication, distribution, etc. 2016.<br/>
520 ## - SUMMARY, ETC.
Summary, etc. Info, intox ? Complot, rumeur ? La désinformation serait partout, et la vérité nulle part. Ces questions obsèdent nos sociétés où il semble qu’en ligne tous puissent s’exprimer et que rien ne doive rester caché. Pourtant, la désinformation a une histoire. Elle s’exprime pendant la guerre froide et accompagne la mondialisation, avant que le web et les réseaux sociaux ne lui ouvrent de nouveaux horizons.En explorant les mécanismes de ce qui nous abuse et que nous refusons parfois de croire, des systèmes de pouvoir apparaissent et de nouvelles formes d’idéologies se manifestent. Quand la vérité des faits devient l’objet central de nos luttes, la désinformation n’est plus qu’une question morale : elle est un enjeu stratégique.   
856 41 - ELECTRONIC LOCATION AND ACCESS
Uniform Resource Identifier <a href="https://shs.cairn.info/la-desinformation--9782200601362?lang=fr&redirect-ssocas=7080">https://shs.cairn.info/la-desinformation--9782200601362?lang=fr&redirect-ssocas=7080</a>

Pas d'exemplaire disponible.

PLUDOC

PLUDOC est la plateforme unique et centralisée de gestion des bibliothèques physiques et numériques de Guinée administré par le CEDUST. Elle est la plus grande base de données de ressources documentaires pour les Étudiants, Enseignants chercheurs et Chercheurs de Guinée.

Adresse

627 919 101/664 919 101

25 boulevard du commerce
Kaloum, Conakry, Guinée

Réseaux sociaux

Powered by Netsen Group @ 2025